Globalizace a marketing - realita a mýty
Prejavy globalizácie v oblasti marketingu. Globálne segmenty zákazníkov. Globálne médiá. Konvergencia spotreby a potrieb. Štandardizácia reklamy. Globálne značky.
Salvato in:
| Autore principale: | |
|---|---|
| Natura: | Capitolo di libro |
| Lingua: | ceco |
| Soggetti: | |
| Tags: |
Nessun Tag, puoi essere il primo ad aggiungerne!!
|
MARC
| LEADER | 00000naa$a2200000$$$4500 | ||
|---|---|---|---|
| 001 | 0020214 | ||
| 005 | 20231114074833.2 | ||
| 041 | 0 | |a cze | |
| 044 | |a CZ | ||
| 245 | 1 | 0 | |a Globalizace a marketing - realita a mýty |c Jaroslav Světlík |
| 520 | |a Prejavy globalizácie v oblasti marketingu. Globálne segmenty zákazníkov. Globálne médiá. Konvergencia spotreby a potrieb. Štandardizácia reklamy. Globálne značky. | ||
| 610 | 2 | 0 | |a globalizácia |
| 610 | 2 | 0 | |a marketing globálny |
| 610 | 2 | 0 | |a médiá |
| 610 | 2 | 0 | |a telefón mobilný |
| 610 | 2 | 0 | |a reklama |
| 610 | 2 | 0 | |a značky výrobné |
| 100 | 1 | |a Světlík, Jaroslav | |